书目信息 |
| 题名: |
化学海洋学
|
|
| 作者: | 龙爱民 主编 | |
| 分册: | ||
| 出版信息: | 北京 科学出版社 2020.11 |
|
| 页数: | 375页 | |
| 开本: | 26cm | |
| 丛书名: | ||
| 单 册: | ||
| 中图分类: | P734 | |
| 科图分类: | ||
| 主题词: | 海洋学--基础理论 | |
| 电子资源: | ||
| ISBN: | 7-03-066705-0 | |
| 000 | 00572nam0 2200193 450 | |
| 001 | 2358553149 | |
| 005 | 20230216161722.14 | |
| 010 | @a7-03-066705-0@dCNY168.00 | |
| 100 | @a20230216d2020 km y0chiy0120 ea | |
| 101 | 0 | @achi |
| 102 | @aCN@b110000 | |
| 200 | 1 | @a化学海洋学@AHua Xue Hai Yang Xue@f龙爱民等主编@FLong Ai Min Deng Zhu Bian |
| 210 | @a北京@c科学出版社@d2020.11 | |
| 215 | @a375页@d26cm | |
| 606 | 0 | @a海洋学@x基础理论 |
| 690 | @aP734@v4 | |
| 701 | 0 | @a龙爱民@ALong Ai Min@4主编 |
| 801 | 0 | @aCN@b大连网信软件有限公司图书馆·11@c20230216 |
| 905 | @aZUCC@dP734@e139 | |
| 化学海洋学/龙爱民等主编.-北京:科学出版社,2020.11 |
| 375页;26cm |
| ISBN 7-03-066705-0:CNY168.00 |
| ● |
| 相关链接 |
|
|
|
|
正题名:化学海洋学
索取号:P734/139
 
预约/预借
| 序号 | 登录号 | 条形码 | 馆藏地/架位号 | 状态 | 备注 |
| 1 | 1052675 | 210526750 | 第二样本阅览室/ [索取号:P734/139] | 在馆 |